| 000 | 00982cam a2200241 4500 | ||
|---|---|---|---|
| 001 | WB3933-06 | ||
| 008 | 030904n2003 000 0 eng u | ||
| 035 | _a(Sirsi) u123497 | ||
| 245 | _aMusculoskeletal disorders | ||
| 260 | _c2003 | ||
| 490 |
_aHSE Health and Safety Guidance _v 28 August 2003 (1) |
||
| 520 | _aHSE explanatory pages on musculoskeletal disorders (MSDs) which are the most common occupational illnesses in Great Britain. Pages outline what HSE is doing to tackle key issues relating to MSDs and access to a range of information about MSDs, including a manual assessment chart tool. HSE and MSD web page, http://www.hse.gov.uk/msd/index.htm. | ||
| 590 | _aWB | ||
| 650 | _aMUSCULOSKELETAL DISORDERS | ||
| 650 | _aOCCUPATIONAL ILLNESSES | ||
| 650 | _aHSE | ||
| 650 | _aRISK FACTORS | ||
| 650 | _aOCCUPATIONAL HEALTH AND SAFETY | ||
| 650 | _aRISK ASSESSMENT | ||
| 650 | _aHEALTH AND SAFETY AT WORK | ||
| 690 |
_aHealth and safety _96244 |
||
| 942 | _n0 | ||
| 999 |
_c73355 _d73355 |
||